Black and White : The Rise of Indian Chess (Record no. 249501)

MARC details
000 -LEADER
fixed length control field 00477nam a22001697a 4500
008 - FIXED-LENGTH DATA ELEMENTS--GENERAL INFORMATION
fixed length control field 260326b |||||||| |||| 00| 0 eng d
020 ## - INTERNATIONAL STANDARD BOOK NUMBER
International Standard Book Number 978-93-93875-99-0
082 ## - DEWEY DECIMAL CLASSIFICATION NUMBER
Classification number 794.10954
100 ## - MAIN ENTRY--PERSONAL NAME
Personal name Suresh Nambath [Ed.]
245 ## - TITLE STATEMENT
Title Black and White : The Rise of Indian Chess
Statement of responsibility, etc Suresh Nambath [Ed.]
250 ## - EDITION STATEMENT
Edition statement 1st
260 ## - PUBLICATION, DISTRIBUTION, ETC. (IMPRINT)
Place of publication, distribution, etc Chennai
Name of publisher, distributor, etc THG Publishing Privat Ltd.
Date of publication, distribution, etc 2025
650 ## - SUBJECT ADDED ENTRY--TOPICAL TERM
Form subdivision General
General subdivision Physical Education
942 ## - ADDED ENTRY ELEMENTS (KOHA)
Item type Books
Holdings
Withdrawn status Lost status Damaged status Permanent location Current location Shelving location Date acquired Source of acquisition Cost, normal purchase price Full call number Barcode Date last seen Koha item type
      CENTRAL LIBRARY, NOORUL ISLAM CENTRE FOR HIGHER EDUCATION CENTRAL LIBRARY, NOORUL ISLAM CENTRE FOR HIGHER EDUCATION General stacks 03/26/2026 THG Publishing Private Ltd. Madurai 149.00 794.10954 R5 85256 03/26/2026 Books
Visitors:
Copyright © 2024 Central Library NICHE.  All rights reserved.